Metodos demográficos para el estudio de la mortalidad

Uloženo v:
Podrobná bibliografie
Hlavní autor: Elizaga, Juan C (Autor)
Médium: Kniha
Jazyk:španělština
Vydáno: Santiago CELADE 1972
Témata:
Tagy: Přidat tag
Žádné tagy, Buďte první, kdo vytvoří štítek k tomuto záznamu!

MARC

LEADER 00000nam a2200000 a 4500
001 UCG1751
003 CL-VaPUC
008 100520e19720000CL |||||||||||||||||spa|d
082 0 4 |a 304.64  |b ELI  |2 21 
100 0 |a Elizaga, Juan C  |e author  |9 549748 
245 1 0 |a Metodos demográficos para el estudio de la mortalidad 
300 |a 195 p 
942 |c BK 
945 |d 20100520 00:00:00  |a rbrito 
260 |a Santiago  |b CELADE  |c 1972 
650 7 |a MORTALIDAD  |2 CL-VaPUC  |9 341601 
650 0 |a Análisis estadístico  |9 269506 
650 0 |a Demografía   |9 260008 
650 7 |a TASA DE MORTALIDAD  |2 CL-VaPUC  |9 353806 
583 |a last modification  |c 20100520 00:00:00  |k Rodrigo Vera 
999 |c 341014  |d 341012 
952 |0 0  |1 0  |4 0  |6 304_640000000000000_ELI_1972  |7 0  |8 X  |9 436228  |a FDOBUD  |b FDOBUD  |d 2019-11-22  |i 4672887  |o 304.64 ELI 1972  |p 4672887  |r 2019-11-22  |w 2019-11-22  |y BK_X  |k BUD